| 000 | 00606nam a22001937a 4500 | ||
|---|---|---|---|
| 005 | 20251108172239.0 | ||
| 008 | 250721s1999 xx 000 0 ara d | ||
| 082 | 1 | 4 | _a649.1/طيب |
| 100 | 1 | _aالطيبي، عكاشه عبد المنان | |
| 245 | 1 | 0 | _aمراحل نمو الطفل المثالي / |
| 264 | 1 |
_aبيروت : _bدار الجيل، _c1999. |
|
| 300 | _a165ص | ||
| 490 | 0 | _aموسوعة الطفل الصحية و النفسية | |
| 650 | 1 | 7 | _aنمو الطفل |
| 650 | 1 | 7 | _aسيكولوجية الأطفال |
| 650 | 1 | 7 | _aصحة الطفل |
| 942 |
_2ddc _cBK |
||
| 999 |
_c74129 _d74129 |
||